000 00642nam a2200229Ia 4500
003 OSt
005 20220925230136.0
006 a|||||r|||| 00| 0
007 ta
008 220923b |||||||| |||| 00| 0 eng d
037 _cGeneral Book
040 _aRTL
_cRTL
_beng
041 _2eng
_aeng
082 _aY:5231.591.N9, N1\TD
100 _aDelaney C
_9293296
245 0 _aSeed and the soil
260 _aLondon
_bUniversity of California Press
_c1991
300 _axiii,360 p.
_ccm.
500 _aBibliography:p 269-77
942 _hY:5231.591.N9, N1\TD
_cGB
_2CC
999 _c584799
_d584799